00402nam a22001817i 45000010005000000030004000050050017000090070003000260080041000290240014000700400008000841000016000922450029001082600048001373000014001859420006001999990015002058436OSt20170126082410.0tu161220s2010 xxu||||| |||| 00| 0 d7 a84362RID cOSt1 aAhmed, Sara00aThe promise of happiness aDurham & London :bDuke Univ. Press,c2010. aX, 315 S. cB c7054d7054